[Event "C.to Italiano U16"]
[Site "Montesilvano ITA"]
[Date "2015.07.04"]
[Round "8"]
[White "Lodici, Lorenzo"]
[Black "Barp, Alberto"]
[WhiteElo "2324"]
[BlackElo "2180"]
[Result "1-0"]
[PlyCount "119"]
[EventDate "2015.06.29"]

1. d4 d5 2. c4 e6 3. Nc3 Nf6 4. cxd5 exd5 5. Bg5 c6 6. Qc2 Be7 7. e3 Nbd7 8.
Bd3 h6 9. Bh4 Nh5 10. Bxe7 Qxe7 11. Nge2 O-O 12. O-O Nhf6 13. Rfe1 Ne8 14. Ng3
Nd6 15. f3 Qf6 16. Rad1 Nb6 17. b3 Be6 18. Nce2 Qg5 19. e4 f5 20. f4 Qg4 21. h3
Qg6 22. e5 Ne4 23. Nf1 Qh5 24. Bxe4 dxe4 25. Ne3 Qf7 26. Rf1 Kh8 27. Kh2 g6 28.
Nc3 Rad8 29. g4 Qe7 30. Kg3 Rd7 31. h4 Rfd8 32. Ne2 Nd5 33. Nxd5 cxd5 34. g5
Rc7 35. Qd2 Rdc8 36. Rc1 h5 37. Rxc7 Rxc7 38. Rc1 Kg7 39. Rc3 Qd7 40. Qc1 Rc6
41. Rxc6 Qxc6 42. Qxc6 bxc6 43. Nc3 Kf7 44. Na4 Ke7 45. Nc5 Bc8 46. Kf2 a5 47.
Ke3 Kd8 48. Kd2 Ke7 49. Kc3 Kd8 50. b4 axb4+ 51. Kxb4 Kc7 52. a4 Kd8 53. a5 Kc7
54. a6 Kb6 55. e6 Bxe6 56. Nxe6 Kxa6 57. Nf8 c5+ 58. dxc5 d4 59. Kc4 d3 60. Kc3
1-0

[Event "C.to Italiano U16"]
[Site "Montesilvano ITA"]
[Date "2015.07.04"]
[Round "8"]
[White "Renzetti, Leonardo"]
[Black "Podetti, Davide"]
[WhiteElo "2010"]
[BlackElo "2127"]
[Result "1-0"]
[PlyCount "59"]
[EventDate "2015.06.29"]

1. d4 Nf6 2. Bg5 e6 3. Nf3 Be7 4. Nbd2 O-O 5. e4 d5 6. e5 Nfd7 7. Bxe7 Qxe7 8.
Bd3 c5 9. c3 Nc6 10. O-O b6 11. Re1 Bb7 12. Nf1 cxd4 13. cxd4 Rac8 14. h4 f6
15. Ng3 fxe5 16. dxe5 h6 17. Bb1 Rxf3 18. gxf3 Ncxe5 19. f4 Nf7 20. Bf5 Nc5 21.
Bxe6 Nxe6 22. Qg4 Nfd8 23. f5 Rc6 24. fxe6 Rxe6 25. Rxe6 Qxe6 26. Nf5 Qf6 27.
Re1 Nf7 28. Ne7+ Kh7 29. Re6 Ne5 30. Rxe5 1-0

[Event "C.to Italiano U16"]
[Site "Montesilvano ITA"]
[Date "2015.07.04"]
[Round "8"]
[White "Seresin, Francesco"]
[Black "Belli, Giorgio"]
[WhiteElo "2102"]
[BlackElo "1914"]
[Result "0-1"]
[PlyCount "44"]
[EventDate "2015.06.29"]

1. d4 Nf6 2. Bg5 Ne4 3. h4 c5 4. d5 g6 5. Nd2 Nxg5 6. hxg5 Bg7 7. c3 d6 8. Ngf3
Na6 9. e4 Nc7 10. a4 O-O 11. Qc2 e6 12. dxe6 fxe6 13. Bd3 d5 14. exd5 exd5 15.
O-O-O Bf5 16. Bxf5 Rxf5 17. Ne4 Qe7 18. Ng3 Rff8 19. Rh4 Rxf3 20. Kb1 Rf7 21.
Rdh1 Qxg5 22. Rxh7 Raf8 0-1

[Event "C.to Italiano U16"]
[Site "Montesilvano ITA"]
[Date "2015.07.05"]
[Round "9"]
[White "Barp, Alberto"]
[Black "Pedoni, Lorenzo"]
[WhiteElo "2180"]
[BlackElo "1931"]
[Result "1-0"]
[PlyCount "111"]
[EventDate "2015.06.29"]

1. d4 Nf6 2. c4 e6 3. Nf3 b6 4. a3 Ba6 5. Qc2 Bb7 6. Nc3 c5 7. e4 cxd4 8. Nxd4
Bc5 9. Nb3 Be7 10. Be2 Nc6 11. O-O O-O 12. Bf4 e5 13. Be3 d6 14. Rfd1 Rc8 15.
f3 Nd7 16. Nb5 Nf6 17. Qd3 Ne8 18. Rd2 Bg5 19. Rad1 f5 20. exf5 Rxf5 21. Qxf5
Bxe3+ 22. Kh1 Bxd2 23. Rxd2 Qe7 24. h3 g6 25. Qd3 Rd8 26. Qe3 Ng7 27. Bd3 Nh5
28. Kh2 Qh4 29. Qf2 Qxf2 30. Rxf2 Nf6 31. Rd2 Kf7 32. Bc2 Ke7 33. Kg1 Bc8 34.
Nc1 Be6 35. Bd3 a6 36. Nc7 Bc8 37. Ne2 Bb7 38. Be4 Nxe4 39. Nd5+ Ke6 40. fxe4
Na5 41. Nxb6 Bxe4 42. b4 Nb7 43. Nc3 Bc6 44. a4 Rb8 45. a5 Nd8 46. b5 Bb7 47.
Kf2 Nf7 48. Ncd5 axb5 49. Nc7+ Ke7 50. cxb5 Ng5 51. Ke3 Ne4 52. Ncd5+ Bxd5 53.
Nxd5+ Kd7 54. Kxe4 Rxb5 55. Ra2 Kc6 56. a6 1-0

[Event "C.to Italiano U16"]
[Site "Montesilvano ITA"]
[Date "2015.07.05"]
[Round "9"]
[White "Belli, Giorgio"]
[Black "Carnicelli, Valerio"]
[WhiteElo "1914"]
[BlackElo "2162"]
[Result "0-1"]
[PlyCount "64"]
[EventDate "2015.06.29"]

1. e4 e5 2. Nf3 Nc6 3. Bc4 Bc5 4. c3 Nf6 5. d3 d6 6. Bb3 a6 7. O-O Ba7 8. Nbd2
h6 9. h3 g5 10. Re1 g4 11. hxg4 Bxg4 12. Nf1 Qe7 13. Be3 O-O-O 14. Bxa7 Nxa7
15. Ne3 Rhg8 16. Nxg4 Rxg4 17. Nh2 Rg7 18. Qf3 Rdg8 19. Nf1 Rxg2+ 20. Qxg2
Rxg2+ 21. Kxg2 Nh5 22. Re3 Nf4+ 23. Kg1 Qg5+ 24. Ng3 h5 25. Kf1 h4 26. Bxf7
hxg3 27. Rxg3 Qh6 28. Rd1 Qh1+ 29. Rg1 Qf3 30. Rd2 Kd7 31. Rg7 Qh3+ 32. Kg1 Qh6
0-1

[Event "C.to Italiano U16"]
[Site "Montesilvano ITA"]
[Date "2015.07.05"]
[Round "9"]
[White "Moroni, Luca"]
[Black "Ridolfo, Enrico"]
[WhiteElo "1821"]
[BlackElo "1881"]
[Result "1-0"]
[PlyCount "43"]
[EventDate "2015.06.29"]

1. Nf3 f5 2. e4 fxe4 3. Ng5 Nf6 4. d3 e6 5. dxe4 Nc6 6. Nc3 Bc5 7. Bd3 a6 8.
O-O d6 9. Kh1 h6 10. Nf3 Ng4 11. Qe2 Qf6 12. e5 Qf7 13. Ne4 Bb6 14. exd6 O-O
15. h3 Nge5 16. Nxe5 Nxe5 17. Ng5 hxg5 18. Qxe5 cxd6 19. Qxg5 Bd7 20. Bg6 Qf6
21. Qh5 Rfc8 22. Bg5 1-0

[Event "C.to Italiano U16"]
[Site "Montesilvano ITA"]
[Date "2015.07.05"]
[Round "9"]
[White "Renzetti, Leonardo"]
[Black "Lodici, Lorenzo"]
[WhiteElo "2010"]
[BlackElo "2324"]
[Result "0-1"]
[PlyCount "54"]
[EventDate "2015.06.29"]

1. d4 f5 2. g4 fxg4 3. Bf4 Nf6 4. h3 g3 5. Bxg3 d5 6. Nc3 e6 7. Bg2 c5 8. e4
Qb6 9. Nge2 cxd4 10. Nxd4 Bc5 11. Ncb5 O-O 12. Bc7 Qa6 13. e5 Ne8 14. a4 Nxc7
15. O-O Nxb5 16. Nxb5 Qb6 17. Qe2 a6 18. Nc3 Qxb2 19. Qd3 Qb6 20. Rab1 Qc7 21.
Rbe1 Bb4 22. Nxd5 exd5 23. Qxd5+ Kh8 24. Re4 Be7 25. Rc4 Qb6 26. a5 Qb5 27. Qd4
Nc6 0-1

[Event "C.to Italiano U16"]
[Site "Montesilvano ITA"]
[Date "2015.07.05"]
[Round "9"]
[White "Varriale, Luca"]
[Black "Bin-Suhayl, Ieysaa"]
[WhiteElo "2164"]
[BlackElo "1894"]
[Result "1-0"]
[PlyCount "120"]
[EventDate "2015.06.29"]

1. d4 d5 2. c4 e6 3. Nc3 c6 4. Nf3 dxc4 5. a4 Bb4 6. e3 b5 7. Bd2 a5 8. axb5
Bxc3 9. Bxc3 cxb5 10. b3 Bb7 11. bxc4 b4 12. Bb2 Nf6 13. Bd3 Nbd7 14. O-O O-O
15. Nd2 Qe7 16. f4 Nb6 17. e4 Bc6 18. e5 Nfd7 19. f5 Nxe5 20. dxe5 Rfd8 21. Qe2
Qd7 22. fxe6 Qxd3 23. exf7+ Kf8 24. Qf2 Qxd2 25. Qc5+ Rd6 26. Rf2 Na4 27. Rxa4
Qd1+ 28. Rf1 Qd2 29. Qxd6+ Qxd6 30. exd6 Bxa4 31. d7 Bxd7 32. Be5 Ke7 33. c5 b3
34. Bd6+ Ke6 35. f8=Q Rxf8 36. Bxf8 a4 37. Bxg7 a3 38. Ra1 b2 39. Bxb2 axb2 40.
Rb1 Kd5 41. Rxb2 Kxc5 42. Rd2 Bf5 43. Kf2 Bg6 44. Ke3 Kc4 45. Kf4 Kc3 46. Rd8
Bd3 47. Ke3 Bg6 48. Rc8+ Kb4 49. Rc7 Kb5 50. Kf4 Kb6 51. Rc1 Kb5 52. Kg5 Be4
53. g3 Kb6 54. h4 Kb5 55. h5 Kb6 56. Kh6 Kb5 57. g4 Kb6 58. g5 Kb5 59. g6 hxg6
60. hxg6 Bd5 1-0

[Event "C.to Italiano U16"]
[Site "Montesilvano ITA"]
[Date "2015.07.05"]
[Round "9"]
[White "Yao, Stefano"]
[Black "Sponchiado, Dario"]
[WhiteElo "2252"]
[BlackElo "1913"]
[Result "1-0"]
[PlyCount "35"]
[EventDate "2015.06.29"]

1. d4 e6 2. Nf3 d5 3. c4 c6 4. Nbd2 f5 5. g3 Nf6 6. Bg2 Bd6 7. O-O O-O 8. b3
Nbd7 9. Bb2 Ne4 10. Ne1 Qe7 11. Nd3 Ndf6 12. Nf3 g5 13. Nfe5 Nd7 14. f3 Nxe5
15. dxe5 Bc5+ 16. Kh1 Rd8 17. Qc2 dxc4 18. bxc4 1-0

[Event "C.to Italiano U14 femminile"]
[Site "Montesilvano ITA"]
[Date "2015.06.29"]
[Round "1"]
[White "Fabbri, Morgana"]
[Black "Andolfatto, Maria"]
[WhiteElo "1437"]
[BlackElo "1778"]
[Result "1/2-1/2"]
[PlyCount "86"]
[EventDate "2015.06.29"]

1. d4 d5 2. c4 e6 3. Nc3 Nf6 4. Bg5 Be7 5. e3 O-O 6. Nf3 b6 7. cxd5 Nxd5 8.
Bxe7 Nxe7 9. Be2 Bb7 10. O-O Nd7 11. Ne1 c5 12. Bf3 Qc7 13. Nb5 Bxf3 14. Nxf3
Qc6 15. Na3 c4 16. Rc1 b5 17. Nb1 Qa6 18. a3 Rfc8 19. Nc3 Nb6 20. Qc2 h6 21.
Ne4 Nd7 22. Nc3 Rab8 23. Nd2 Rb7 24. Ra1 Qc6 25. Rfc1 Rbc7 26. b3 cxb3 27. Qxb3
a6 28. Na2 Qb7 29. Rxc7 Rxc7 30. Rc1 Nb6 31. Rxc7 Qxc7 32. Qc3 Qxc3 33. Nxc3
Ned5 34. Nxd5 Nxd5 35. Kf1 Kf8 36. Ke1 Ke7 37. Nb1 Kd6 38. Kd2 a5 39. Kc2 Kc6
40. Kb3 Kb6 41. Nd2 a4+ 42. Kb2 f6 43. Ne4 Nc7 1/2-1/2

[Event "C.to Italiano U14 femminile"]
[Site "Montesilvano ITA"]
[Date "2015.06.29"]
[Round "1"]
[White "Palma, Maria"]
[Black "Doddato, Francesca"]
[WhiteElo "1878"]
[BlackElo "1438"]
[Result "1-0"]
[PlyCount "109"]
[EventDate "2015.06.29"]

1. Nf3 d5 2. c4 c6 3. e3 Nf6 4. d4 Bg4 5. Nc3 e6 6. h3 Bh5 7. g4 Bg6 8. Ne5
Nbd7 9. Nxg6 hxg6 10. Bd3 dxc4 11. Bxc4 b5 12. Be2 Be7 13. Bd2 Nd5 14. Rc1 Rc8
15. Nxd5 exd5 16. Qc2 Nb6 17. Ba5 Kd7 18. e4 dxe4 19. Qxe4 Qf8 20. Bxb6 axb6
21. Rxc6 Rxc6 22. Bxb5 Bb4+ 23. Kf1 Qd6 24. d5 Qc5 25. dxc6+ Kc7 26. Qf4+ Qd6
27. Qxf7+ Qe7 28. Qxe7+ Bxe7 29. Kg2 Rd8 30. Re1 Bh4 31. Re2 Rd5 32. a4 Bg5 33.
Kg3 Rd4 34. h4 Bf4+ 35. Kf3 Bd6 36. Re4 Rd2 37. Re6 Rxb2 38. Rxg6 Rb3+ 39. Kg2
Bf8 40. h5 Rb4 41. Rg5 Rf4 42. Kg3 Rf6 43. Rd5 Bd6+ 44. Kg2 Rf4 45. f3 Rf6 46.
g5 Rf4 47. Kf2 Rh4 48. g6 Rh2+ 49. Ke3 Bc5+ 50. Ke4 Rh4+ 51. Kd3 Bd6 52. Rf5
Bc5 53. Rf7+ Kd6 54. Rd7+ Ke5 55. c7 1-0

[Event "C.to Italiano U14 femminile"]
[Site "Montesilvano ITA"]
[Date "2015.06.30"]
[Round "2"]
[White "Lazzaro, Elisa"]
[Black "Palma, Maria"]
[WhiteElo "1459"]
[BlackElo "1878"]
[Result "0-1"]
[PlyCount "72"]
[EventDate "2015.06.29"]

1. e4 e6 2. d4 d5 3. e5 c5 4. c3 Qb6 5. Nf3 Nc6 6. Bd3 Bd7 7. Bc2 cxd4 8. cxd4
Nb4 9. Nc3 Nxc2+ 10. Qxc2 Ne7 11. O-O Nc6 12. Be3 Be7 13. a3 Na5 14. Nd2 Rc8
15. b4 Nc4 16. Nxc4 Rxc4 17. Rfc1 O-O 18. Qb3 Rfc8 19. Ra2 a5 20. b5 Qxb5 21.
Qxb5 Bxb5 22. Ne2 Rxc1+ 23. Nxc1 Rc3 24. Bd2 Rxa3 25. Rxa3 Bxa3 26. Nb3 b6 27.
Nxa5 bxa5 28. Bxa5 f6 29. f4 Bc1 30. g3 Be3+ 31. Kg2 Bxd4 32. exf6 gxf6 33. Bc7
Bc3 34. Kf2 d4 35. f5 e5 36. h4 d3 0-1

[Event "C.to Italiano U14 femminile"]
[Site "Montesilvano ITA"]
[Date "2015.06.30"]
[Round "2"]
[White "Mura, Marta"]
[Black "Giordano, Giulia"]
[WhiteElo "1452"]
[BlackElo "1738"]
[Result "0-1"]
[PlyCount "46"]
[EventDate "2015.06.29"]

1. d4 d5 2. Nf3 Nf6 3. e3 c5 4. c3 Nc6 5. Bb5 Bg4 6. O-O e6 7. Re1 Bd6 8. Nbd2
Ne4 9. Be2 Qc7 10. h3 Bh5 11. Nxe4 dxe4 12. Ng5 Bg6 13. Bh5 O-O-O 14. Bxg6 hxg6
15. Nxe4 Be7 16. Qa4 Rh4 17. Nd2 g5 18. f3 g4 19. fxg4 Qg3 20. Rf1 Rxh3 21. Nf3
Rdh8 22. Nh2 Rxh2 23. Rxf7 Qxg2# 0-1

[Event "C.to Italiano U14 femminile"]
[Site "Montesilvano ITA"]
[Date "2015.07.01"]
[Round "3"]
[White "Giordano, Giulia"]
[Black "Di Bartolo, Chiara"]
[WhiteElo "1738"]
[BlackElo "1536"]
[Result "0-1"]
[PlyCount "118"]
[EventDate "2015.06.29"]

1. d4 d5 2. Nf3 Nf6 3. c4 e6 4. Nc3 b6 5. Bg5 Bb7 6. e3 Nbd7 7. Qb3 Be7 8. Be2
O-O 9. O-O Rb8 10. Rac1 c5 11. dxc5 Nxc5 12. Qc2 dxc4 13. Bxc4 Bxf3 14. gxf3
Qc8 15. Bf4 Ra8 16. Qe2 a6 17. a3 b5 18. Ba2 Qb7 19. e4 Rac8 20. Rfd1 Rfd8 21.
b4 Rxd1+ 22. Qxd1 Ncd7 23. Kh1 Nh5 24. Be3 Bf6 25. Bd4 Bxd4 26. Qxd4 Nf4 27.
Qe3 Ng6 28. Rd1 Qc6 29. Ne2 Nde5 30. Nd4 Qc3 31. Qe2 Nf4 32. Qe3 Qxe3 33. fxe3
Nfg6 34. f4 Ng4 35. Re1 Nf2+ 36. Kg1 Nxe4 37. Nxe6 Nh4 38. Nd4 Rc3 39. Bd5 Nd6
40. Bb3 Ndf5 41. Kf2 g6 42. Nxf5 Nxf5 43. Ba2 Rxa3 44. Bb1 Ne7 45. Be4 Rb3 46.
Ra1 Rxb4 47. Rxa6 Rxe4 48. Kf3 Rc4 49. Rb6 Rc5 50. Ke4 f5+ 51. Kd3 Kf7 52. Kd4
Rc4+ 53. Kd3 Rc5 54. Kd4 Rd5+ 55. Kc3 h6 56. h4 Rd1 57. h5 Nd5+ 58. Kc2 Nxb6
59. Kxd1 gxh5 0-1

[Event "C.to Italiano U14 femminile"]
[Site "Montesilvano ITA"]
[Date "2015.07.01"]
[Round "3"]
[White "Palma, Maria"]
[Black "Giovagnetti, Chiara"]
[WhiteElo "1878"]
[BlackElo "1571"]
[Result "1-0"]
[PlyCount "113"]
[EventDate "2015.06.29"]

1. Nf3 c5 2. c4 Nf6 3. g3 Nc6 4. Bg2 g6 5. O-O Bg7 6. d4 cxd4 7. Nxd4 Qb6 8. e3
d6 9. Nc3 Bd7 10. Na4 Qc7 11. Nb5 Qd8 12. c5 Ne5 13. Nbc3 Bc6 14. cxd6 Qxd6 15.
Qxd6 exd6 16. f4 Ned7 17. Rb1 Bxg2 18. Kxg2 Nc5 19. b3 Nfe4 20. Nb5 Ne6 21. Rd1
O-O 22. Ba3 Rfd8 23. Nxd6 Nxd6 24. Bxd6 Rac8 25. Bb4 Rxd1 26. Rxd1 b5 27. Nc3
Bxc3 28. Rc1 f5 29. Rxc3 Rxc3 30. Bxc3 a6 31. Bb4 Nc7 32. Kf3 Nd5 33. a3 Nf6
34. Ke2 Kf7 35. Kd3 Ke6 36. Kd4 Ne4 37. Bf8 Kf7 38. Bb4 Ke6 39. a4 bxa4 40.
bxa4 Kd7 41. Kd5 Nf6+ 42. Kc5 Kc7 43. Kd4 Kc6 44. h3 h5 45. Be7 Ne4 46. g4 Nf2
47. gxf5 gxf5 48. h4 Ng4 49. e4 fxe4 50. Kxe4 Kd7 51. Bb4 Ke6 52. f5+ Kf6 53.
Bc3+ Kf7 54. Kf4 Nf2 55. Bd4 Nd3+ 56. Kg5 Ne1 57. Kxh5 1-0

[Event "C.to Italiano U14 femminile"]
[Site "Montesilvano ITA"]
[Date "2015.07.01"]
[Round "4"]
[White "Albi Bachini Conti, Silvia"]
[Black "Juretic, Lejla"]
[WhiteElo "1724"]
[BlackElo "1601"]
[Result "1-0"]
[PlyCount "89"]
[EventDate "2015.06.29"]

1. e4 e5 2. Nf3 Nf6 3. Nc3 Nc6 4. Bb5 d6 5. d3 Be7 6. O-O O-O 7. h3 Nd4 8. Nxd4
exd4 9. Ne2 a6 10. Ba4 b5 11. Bb3 c5 12. f4 Be6 13. f5 Bxb3 14. axb3 Nd7 15.
Nf4 Re8 16. g4 Bg5 17. Ng2 Qf6 18. Bxg5 Qxg5 19. h4 Qe7 20. Qf3 Ne5 21. Qg3 c4
22. g5 f6 23. Nf4 Nd7 24. Rf2 cxb3 25. cxb3 Kh8 26. Rg2 Rg8 27. Kh1 Qe5 28.
Rag1 Rac8 29. Qg4 Qe7 30. Nd5 Qf8 31. Nf4 Qe8 32. Ne6 Ne5 33. Qg3 Qe7 34. Nxd4
Nd7 35. Ne6 Nc5 36. Nf4 Nd7 37. Qg4 Qe8 38. Qe2 Qe5 39. Ne6 d5 40. Qg4 dxe4 41.
dxe4 Qb8 42. Nf4 Ne5 43. Qh5 Qb7 44. Ng6+ Nxg6 45. fxg6 1-0

[Event "C.to Italiano U14 femminile"]
[Site "Montesilvano ITA"]
[Date "2015.07.01"]
[Round "4"]
[White "Manguerra, Lyn Jane"]
[Black "Palma, Maria"]
[WhiteElo "1696"]
[BlackElo "1878"]
[Result "1/2-1/2"]
[PlyCount "73"]
[EventDate "2015.06.29"]

1. e4 e6 2. d4 d5 3. Nc3 Nf6 4. Bg5 Be7 5. e5 Nfd7 6. Bxe7 Qxe7 7. Bd3 a6 8. f4
Qb4 9. Nf3 Qxb2 10. Ne2 c5 11. c3 cxd4 12. cxd4 Qb4+ 13. Qd2 Nc6 14. a3 Qxd2+
15. Nxd2 b5 16. g4 h5 17. g5 Nb6 18. Nb3 b4 19. a4 a5 20. Bb5 Bd7 21. Bxc6 Bxc6
22. Nc5 Ke7 23. Nc1 f6 24. exf6+ gxf6 25. gxf6+ Kxf6 26. Kf2 Rhg8 27. Re1 Rae8
28. Re5 h4 29. Kf3 Rg1 30. Re3 Rf1+ 31. Ke2 Rxf4 32. N1d3 Rf5 33. Ne5 Nc4 34.
Nxc6 Nxe3 35. Kxe3 Kf7 36. Ne5+ Ke7 37. Rg1 1/2-1/2

[Event "C.to Italiano U14 femminile"]
[Site "Montesilvano ITA"]
[Date "2015.07.02"]
[Round "5"]
[White "Palma, Maria"]
[Black "Di Bartolo, Chiara"]
[WhiteElo "1878"]
[BlackElo "1536"]
[Result "1-0"]
[PlyCount "59"]
[EventDate "2015.06.29"]

1. Nf3 d5 2. c4 e6 3. g3 Nf6 4. Bg2 b6 5. O-O Bb7 6. d4 Be7 7. Nc3 O-O 8. cxd5
exd5 9. Ne5 Nbd7 10. Bf4 c6 11. Rc1 Nh5 12. Be3 Nxe5 13. dxe5 g6 14. Qd2 Re8
15. Rfd1 Bb4 16. f4 Qe7 17. Qc2 Bxc3 18. bxc3 f6 19. Bd4 c5 20. exf6 Nxf6 21.
Bxf6 Qxf6 22. Bxd5+ Bxd5 23. Rxd5 Re7 24. e4 Qe6 25. Re5 Qf6 26. Rxe7 Qxe7 27.
Rd1 Re8 28. e5 g5 29. Qf5 gxf4 30. Rd7 1-0

[Event "C.to Italiano U14 femminile"]
[Site "Montesilvano ITA"]
[Date "2015.07.02"]
[Round "5"]
[White "Vecchione, Anna Pia"]
[Black "Albi Bachini Conti, Silvia"]
[WhiteElo "1722"]
[BlackElo "1724"]
[Result "0-1"]
[PlyCount "125"]
[EventDate "2015.06.29"]

1. e4 d5 2. exd5 Qxd5 3. Nf3 Nf6 4. d4 Bg4 5. Be2 c6 6. c4 Qa5+ 7. Nc3 e6 8.
O-O Bb4 9. Bd2 O-O 10. Qb3 Bxc3 11. Bxc3 Qc7 12. Rac1 Nbd7 13. Rfe1 a5 14. a4
Ne4 15. Bd1 Nxc3 16. Qxc3 Nf6 17. Bc2 Qf4 18. Qe3 Qxe3 19. fxe3 Rfd8 20. h3 Bh5
21. Ne5 Rac8 22. g4 Bg6 23. Nxg6 hxg6 24. Red1 Rc7 25. g5 Ne8 26. c5 Rcd7 27.
Rd2 Nc7 28. Rcd1 Na6 29. Bb1 Nxc5 30. Bc2 e5 31. Kf2 Ne6 32. h4 exd4 33. exd4
Rxd4 34. Rxd4 Nxd4 35. Rd2 Rd5 36. Bb1 Kf8 37. Rd3 c5 38. Ke3 Nf5+ 39. Ke4 Rxd3
40. Bxd3 Ke7 41. Kd5 Nxh4 42. Be2 Kd7 43. Kxc5 Kc7 44. Kd5 Nf5 45. Bd3 b6 46.
Kc4 Ne3+ 47. Kd4 Nd1 48. b3 Kd6 49. Be2 Nf2 50. Bf1 f6 51. Bg2 Ng4 52. Bf3 Ne5
53. Bg2 Nf7 54. Kc4 Ne5+ 55. Kd4 f5 56. Bh1 f4 57. Ke4 f3 58. Kd4 f2 59. Bg2
Ng4 60. Kc3 Nh2 61. Kc4 f1=Q+ 62. Bxf1 Nxf1 63. Kd4 0-1

[Event "C.to Italiano U14 femminile"]
[Site "Montesilvano ITA"]
[Date "2015.07.03"]
[Round "6"]
[White "Albi Bachini Conti, Silvia"]
[Black "Palma, Maria"]
[WhiteElo "1724"]
[BlackElo "1878"]
[Result "0-1"]
[PlyCount "162"]
[EventDate "2015.06.29"]

1. e4 e6 2. Nf3 d5 3. Nc3 Nf6 4. e5 Nfd7 5. d4 c5 6. dxc5 Bxc5 7. Bb5 O-O 8.
O-O Nc6 9. Bxc6 bxc6 10. Bg5 Qc7 11. Na4 Rb8 12. c3 Re8 13. Re1 a5 14. b3 Ba6
15. Qd2 Bf8 16. Rad1 c5 17. c4 d4 18. Bf4 Rb4 19. Nb2 h6 20. Nd3 Rb7 21. Qe2
Ra7 22. Nd2 Bb7 23. Qg4 Kh8 24. Qh5 Nb6 25. Ne4 Bxe4 26. Rxe4 a4 27. g4 Rb7 28.
g5 g6 29. Qh3 h5 30. Bg3 Be7 31. Nf4 Kg7 32. Ne2 axb3 33. axb3 Nd7 34. Rd3 Qc6
35. f3 Reb8 36. Nc1 Bxg5 37. Bf4 Bxf4 38. Rxf4 Nxe5 39. Rd1 Ra8 40. Re1 Ra1 41.
Qf1 Nd7 42. Qe2 g5 43. Re4 e5 44. Qg2 Qg6 45. Qb2 Ra6 46. Nd3 f6 47. Qc2 Rab6
48. Nc1 g4 49. fxg4 f5 50. R4e2 hxg4 51. Rg2 Qh5 52. Rf1 e4 53. Qf2 Rf6 54. Qg3
Qh6 55. h3 Qe3+ 56. Qxe3 dxe3 57. hxg4 f4 58. g5 Rf5 59. Rg4 f3 60. Rxe4 Rxg5+
61. Kh1 Re5 62. Rg4+ Kh7 63. Rxf3 Rh5+ 64. Kg2 Ne5 65. Rgf4 Nxf3 66. Rxf3 Re5
67. Kf1 Rd7 68. Ke1 Kg6 69. Rf8 Rd2 70. Rg8+ Kf7 71. Rg1 Rb2 72. Rf1+ Ke6 73.
Nd3 Rb1+ 74. Ke2 Rxf1 75. Kxf1 Rg5 76. Ke2 Rg3 77. Nxc5+ Ke5 78. Nd3+ Kd4 79.
Nf4 Ke4 80. Nh5 Rg2+ 81. Ke1 Kf3 0-1

[Event "C.to Italiano U14 femminile"]
[Site "Montesilvano ITA"]
[Date "2015.07.03"]
[Round "6"]
[White "Giordano, Giulia"]
[Black "Juretic, Lejla"]
[WhiteElo "1738"]
[BlackElo "1601"]
[Result "1-0"]
[PlyCount "59"]
[EventDate "2015.06.29"]

1. d4 d5 2. e3 Nf6 3. Bd3 e6 4. Nd2 Be7 5. f4 c5 6. c3 O-O 7. Ngf3 b6 8. O-O
Nc6 9. Ne5 Bb7 10. Qf3 Re8 11. g4 Nd7 12. Bxh7+ Kxh7 13. Nxf7 Qc7 14. g5 g6 15.
Qh3+ Kg7 16. Nh6 Nf8 17. Ng4 Kg8 18. Rf3 Bd8 19. Qf1 Qh7 20. Nh6+ Kg7 21. Rh3
Ne7 22. Ng4 Qg8 23. Nf6 Qf7 24. Nf3 Nc6 25. Ng4 Qf5 26. Rh4 Ne7 27. Nf6 Kf7 28.
Ne5+ Kg7 29. Nxe8+ Kg8 30. Nd6 1-0

[Event "C.to Italiano U14 femminile"]
[Site "Montesilvano ITA"]
[Date "2015.07.03"]
[Round "7"]
[White "Giovagnetti, Chiara"]
[Black "Albi Bachini Conti, Silvia"]
[WhiteElo "1571"]
[BlackElo "1724"]
[Result "1/2-1/2"]
[PlyCount "90"]
[EventDate "2015.06.29"]

1. e4 d5 2. exd5 Qxd5 3. Nc3 Qa5 4. d4 c6 5. Nf3 Nf6 6. Bc4 Bf5 7. O-O e6 8. a3
Bd6 9. Bg5 Nbd7 10. Re1 O-O 11. Qe2 Bg4 12. Bxf6 Nxf6 13. h3 Bh5 14. Ne4 Nxe4
15. Qxe4 Bg6 16. Qe2 Rfd8 17. Nh4 Bh5 18. Qe4 Be7 19. c3 Bf6 20. Be2 Bxe2 21.
Rxe2 Qb5 22. Nf3 Rac8 23. Ne5 Qa6 24. f4 c5 25. dxc5 Rxc5 26. Nf3 Rc4 27. Qe3
Rxf4 28. Rd2 Rxd2 29. Qxd2 Qb6+ 30. Kh1 Qc7 31. Rd1 h6 32. Qd7 Qb8 33. Qd3 Rf5
34. Qd7 Rc5 35. Qa4 Rc6 36. Rd2 a6 37. Qe4 Qc7 38. Qe1 Rc4 39. Qd1 Qb6 40. Qe2
Rc7 41. Qd1 Qb5 42. Rd8+ Kh7 43. Rd2 g6 44. Qe1 Kg7 45. Kg1 Rd7 1/2-1/2

[Event "C.to Italiano U14 femminile"]
[Site "Montesilvano ITA"]
[Date "2015.07.03"]
[Round "7"]
[White "Palma, Maria"]
[Black "Giordano, Giulia"]
[WhiteElo "1878"]
[BlackElo "1738"]
[Result "1-0"]
[PlyCount "73"]
[EventDate "2015.06.29"]

1. Nf3 e6 2. c4 d5 3. g3 Bd6 4. Bg2 Nf6 5. d4 c6 6. O-O Ne4 7. Qc2 Nd7 8. b3 f5
9. a4 g5 10. Ba3 Bc7 11. Nc3 Qf6 12. cxd5 exd5 13. Nxd5 cxd5 14. Qxc7 h5 15.
Ne5 Nxe5 16. dxe5 Qf7 17. Rac1 Rh7 18. Qxf7+ Rxf7 19. Rfd1 Be6 20. f3 Rd8 21.
fxe4 dxe4 22. Rxd8+ Kxd8 23. Rd1+ Rd7 24. Rxd7+ Kxd7 25. b4 Bb3 26. h4 gxh4 27.
gxh4 Bxa4 28. Bh3 Ke6 29. Bb2 Bd7 30. e3 Kf7 31. Kf2 Be6 32. Bf1 Bb3 33. Be2
Kg6 34. Kg3 Bd5 35. Bb5 Be6 36. Be8+ Kh6 37. b5 1-0

[Event "C.to Italiano U14 femminile"]
[Site "Montesilvano ITA"]
[Date "2015.07.04"]
[Round "8"]
[White "Albi Bachini Conti, Silvia"]
[Black "Scagliarini, Lara"]
[WhiteElo "1724"]
[BlackElo "1488"]
[Result "1-0"]
[PlyCount "71"]
[EventDate "2015.06.29"]

1. e4 c5 2. c3 d6 3. d4 cxd4 4. cxd4 g6 5. Nf3 Bg7 6. Nc3 e6 7. Be3 Ne7 8. Qd2
Nbc6 9. Be2 O-O 10. Bh6 a6 11. a4 Bd7 12. O-O Rc8 13. Rac1 Na5 14. Qf4 Qb6 15.
Bxg7 Kxg7 16. Rb1 Qc7 17. Qh4 Qd8 18. Qg3 Nac6 19. Qxd6 Qc7 20. Qc5 Ng8 21. Qg5
h6 22. Qe3 Nge7 23. d5 Ne5 24. Qd4 f6 25. d6 N7c6 26. Qxe5 Nxe5 27. dxc7 Nxf3+
28. Bxf3 Rxc7 29. Rbd1 Bc6 30. Rd6 f5 31. Rxe6 fxe4 32. Bxe4 Bxe4 33. Rxe4 Rf6
34. Rfe1 Rb6 35. Nd5 Rc2 36. Nxb6 1-0

[Event "C.to Italiano U14 femminile"]
[Site "Montesilvano ITA"]
[Date "2015.07.04"]
[Round "8"]
[White "Juretic, Lejla"]
[Black "Palma, Maria"]
[WhiteElo "1601"]
[BlackElo "1878"]
[Result "0-1"]
[PlyCount "42"]
[EventDate "2015.06.29"]

1. d4 Nf6 2. Nf3 c5 3. e3 e6 4. Bd3 b6 5. c3 Bb7 6. Nbd2 cxd4 7. exd4 Be7 8.
O-O O-O 9. Qe2 Nd5 10. Ne4 f5 11. Ng3 Bd6 12. Ne5 f4 13. Qe4 Qh4 14. c4 Rf6 15.
Ne2 Bxe5 16. dxe5 Rg6 17. f3 Ne3 18. Nxf4 Bxe4 19. Nxg6 Bxg6 20. Bxg6 Nxf1 21.
Kxf1 Qxc4+ 0-1

[Event "C.to Italiano U14 femminile"]
[Site "Montesilvano ITA"]
[Date "2015.07.05"]
[Round "9"]
[White "Giovagnetti, Chiara"]
[Black "Manguerra, Lyn Jane"]
[WhiteElo "1571"]
[BlackElo "1696"]
[Result "1/2-1/2"]
[PlyCount "114"]
[EventDate "2015.06.29"]

1. e4 c5 2. c3 d5 3. exd5 Qxd5 4. d4 Nc6 5. Nf3 Bf5 6. Be3 cxd4 7. Nxd4 Nxd4 8.
cxd4 Nf6 9. Nc3 Qd8 10. Qf3 g6 11. Qxb7 Bg7 12. Bb5+ Nd7 13. h3 Qc8 14. Qxc8+
Rxc8 15. O-O h5 16. Rac1 e6 17. Na4 Ke7 18. Rfe1 Rb8 19. Be2 Rb4 20. Rc4 Rhb8
21. Rec1 Be4 22. Rxb4 Rxb4 23. Rc4 Rb7 24. Nc3 Bd5 25. Nxd5+ exd5 26. Rc2 Rb4
27. Bd2 Rb7 28. Ba6 Rb6 29. Bc8 Bxd4 30. Rc7 Kd8 31. Rc2 Rxb2 32. Rxb2 Bxb2 33.
Bb7 d4 34. Kf1 Ke7 35. Ke2 Nb6 36. Ba6 Kd6 37. Kd3 f5 38. Kc2 Ba3 39. Kb3 Bc5
40. Bd3 Nd5 41. f3 Ne3 42. Bxe3 dxe3 43. Be2 Ke5 44. g3 f4 45. g4 hxg4 46. hxg4
Kf6 47. Bd3 Kg5 48. Kc2 Bb4 49. Kd1 Kf6 50. Ke2 g5 51. Bc4 Ke5 52. Bb3 Kd4 53.
Bg8 Kc3 54. Bf7 a5 55. Bg8 a4 56. Bf7 Kc2 57. Bg8 a3 1/2-1/2